000
00261nam a2200109Ia 4500
008
220120s9999||||xx |||||||||||||| ||und||
082
_a
530 BAS
100
_a
Basavaraju, S P
245
0
_a
Engineerining physics
260
_b
New Delhi
_c
1999
300
_a
941p.
_b
0
999
_c
136311
_d
136311